| 000 | 02088nam a22003617a 4500 | ||
|---|---|---|---|
| 001 | 101073 | ||
| 003 | KnowledgeUnlatched | ||
| 005 | 20210303105251.0 | ||
| 006 | m o d | ||
| 007 | cr u|||||||||| | ||
| 008 | 210129p20102019gw o u00| u eng d | ||
| 037 | _5BiblioBoard | ||
| 245 | 0 | 0 |
_aAspects of the Performative in Medieval Culture _cManuele Gragnolati, Almut Suerbaum. |
| 020 | _a9783110222470 | ||
| 029 | 1 | _ahttps://library.biblioboard.com/ext/api/media/4b01e076-ad17-46a8-a87d-57d13afccbe0/assets/thumbnail.jpg | |
| 040 |
_aScCtBLL _cScCtBLL |
||
| 506 | 0 |
_aAccess copy available to the general public. _fUnrestricted _2star |
|
| 700 | 1 |
_aGragnolati, Manuele _eeditor. |
|
| 700 | 1 |
_aSuerbaum, Almut _eeditor. |
|
| 264 | 1 | _bDe Gruyter, | |
| 300 | _a1 online resource (328 p.) | ||
| 520 | _aThe volume assesses performative structures within a variety of medieval forms of textuality, from vernacular literature to records of parliamentary proceedings, from prayer books to musical composition. Three issues are central to the volume:the role of ritual speech acts the way in which authorship can be seen as created within medieval texts rather than as a given category finally, phenomena of voice, created and situated between citation and repetition, especially in forms which appropriate and transform literary tradition. The volume encompasses articles by historians and musicologists as well as literary scholars. | ||
| 588 | 0 | _aDescription based on print version record. | |
| 590 | _aKU Select 2017: Backlist Collection | ||
| 650 | 7 |
_aLiterary Criticism _2bisacsh |
|
| 650 | 0 |
_aLiterature _xHistory and criticism |
|
| 655 | 0 | _aElectronic books. | |
| 758 |
_iIs found in: _aKnowledge Unlatched _1https://openresearchlibrary.org/module/2774bc74-146a-484f-a7ba-ab1d6a09bbfb |
||
| 856 | 4 | 0 |
_uhttps://openresearchlibrary.org/content/4b01e076-ad17-46a8-a87d-57d13afccbe0 _zView this content on Open Research Library. _70 |
| 999 |
_c34022 _d34022 |
||